| 000 | 00605nam a2200205 i 4500 | ||
|---|---|---|---|
| 001 | 125301 | ||
| 003 | ES-MaACL | ||
| 005 | 20250929063159.0 | ||
| 007 | t| | ||
| 008 | 070531s1976 sp ||||1| spa d | ||
| 020 | _a84-600-6887-0 | ||
| 080 | _a538(075.8) | ||
| 100 | 0 |
_aVelayos Hermida, Salvador, _d1910- _9113788 |
|
| 245 | 1 | 0 |
_aTemas de fĂsica III _b: electromagnetismo / _cS. Velayos. |
| 260 |
_a[Madrid : _bs.n.], _c1976 ( _fCopigraf.) |
||
| 300 |
_a253 p. : _bil. ; _c28 cm. |
||
| 650 | 4 |
_aElectromagnetismo. _912161 |
|
| 852 |
_aES-MaACL _jP-6 _bR.113964 |
||
| 999 |
_c125301 _d125301 |
||